[Event "Linares Anibal op 04th"]
[Site "Linares"]
[Date "1997.??.??"]
[Round "7"]
[White "Teran Alvarez, Ismael"]
[Black "Dgebuadze, Alexandre"]
[Result "1/2-1/2"]
[WhiteElo "2350"]
[BlackElo "2415"]
[Annotator "Tsesarsky,I"]
[PlyCount "73"]
[EventDate "1997.02.??"]
[EventType "swiss"]
[EventRounds "10"]
[EventCountry "ESP"]
[SourceTitle "CBM 058"]
[Source "ChessBase"]
[SourceDate "1997.06.01"]
[SourceVersion "1"]
[SourceVersionDate "1997.06.01"]
[SourceQuality "1"]

1. e4 c5 2. Nf3 Nc6 3. Nc3 g6 4. d4 cxd4 5. Nxd4 Bg7 6. Nb3 Nf6 7. Be2 O-O 8.
O-O a5 9. a4 Nb4 10. Bg5 h6 (10... d5 11. exd5 (11. e5 Ne8 12. f4 f6 $1) (11.
Bxf6 Bxf6 12. Nxd5 Bxb2 13. Rb1 Bg7 $132) 11... Nfxd5 12. Nxd5 Nxd5 13. Bf3 Nf6
(13... Nb4 14. Qe2 Re8 15. Rad1 Qc7 16. c3 Be6 17. Nd2 Nd5 $11) 14. Re1 $14 {
[%csl Rb7] 1-0 Kupreichik,V-Pohl,W/Schwaebisch Gmuend op 1995 (36)}) 11. Bh4 d5
(11... d6 12. Nd4 (12. f4 $5) 12... Bd7 13. Ndb5 Bc6 $11 {1/2-1/2 Wagman,
S-Klovsky,R/New York op 1993 (44)}) 12. exd5 g5 13. Bg3 Bf5 (13... Nfxd5 14.
Nxd5 Nxd5 15. Bf3 (15. Qd2 Bf5 (15... Bxb2 16. Rad1 e6 (16... Nc3 17. Qxd8
Nxe2+ 18. Kh1 Nxg3+ 19. fxg3 Rxd8 20. Rxd8+ Kg7 21. Nxa5 $16) 17. c4 $16) (
15... Nb4 $1 $15) 16. Rad1 e6 (16... Nf6 17. Qe3 Qc8 18. Bd3 Bxd3 19. Qxd3 $11)
17. c4 Qb6 18. Nd4 Ne7 19. Nb5 e5 (19... Rfd8 $11) 20. Qc3 $14 {Goetz,
R-Gruenberg,R/BL 1987/0-1 (50)}) (15. c3 e5 16. Bf3 Nb6 (16... Nf4 17. Qxd8
Rxd8 18. Rfd1 Re8 19. Nc5 Ra7 20. Bxf4 exf4 $11) 17. Qxd8 Rxd8 18. Rfd1 $14 {
Balashov,Y-Winants,H/Eupen op act 1994/1-0 (51)}) 15... Nf4 (15... e6 16. c3
Qb6 17. Re1 Rd8 18. Qc2 Nf4 (18... Bd7 $11) 19. Rad1 $14 {1-0 Grabics,
M-Kereszturi,S/Budapest WIM 1991 (47)}) 16. c3 Qb6 17. Qc2 e5 18. Bxf4 gxf4 19.
Bd5 Bg4 $11 {Kindermann,S-Antunes,A/Thessaloniki olm 1984/1-0 (52)}) 14. Nd4
Bg6 15. h4 $1 $146 (15. Bc4 $2 Rc8 (15... Nh5 $1 $15) 16. Bb3 Nfxd5 17. Nxd5
Nxd5 18. Re1 Nb4 19. Be5 Nxc2 (19... Bxe5 20. Rxe5 Qd6 21. Rxa5 Nxc2 22. Rd5 $1
$16) 20. Bxc2 Bxc2 21. Nxc2 Qxd1 22. Raxd1 Rxc2 $17 {0-1 Fishbein,A-Hodgson,J/
Stavanger op 1989 (46)}) 15... Rc8 16. hxg5 hxg5 (16... Nfxd5 17. gxh6 Bxh6 18.
Nxd5 Qxd5 19. c3 $16) 17. Rc1 $6 (17. d6 $5 exd6 18. Bf3 Ne8 19. Rc1 (19. Bxb7
Rc4 20. Ndb5 Bxc2 21. Qd2 Bd3 22. Rfe1 Rc5 (22... f5 23. Bd5+ Nxd5 24. Qxd3 $16
) 23. Be4 Bxe4 24. Nxe4 Rd5 25. Qe2 $14) 19... Qb6 (19... Bxd4 20. Qxd4 Nxc2
21. Qd2 Nb4 22. Bxb7 Rc7 23. Bf3 $14) 20. Ndb5 Be5 $11) 17... Qb6 $5 (17...
Nfxd5 18. Nxd5 Qxd5 (18... Nxd5 19. Re1 e5 (19... e6 20. c3) 20. Nf3 f6 (20...
e4 21. Ne5 Bxe5 22. Bxe5 e3 23. Bf3 exf2+ 24. Kxf2 $14) 21. Bd3 $1 $132) 19. c3
Rfd8 20. Bf3 Qa2 (20... Qc4 21. b3 Qd3 22. cxb4 Bxd4 23. Rxc8 Rxc8 24. Qxd3
Bxd3 25. Rd1 Rc3 26. bxa5 Rxb3 27. Bd5 Ra3 28. Bxb7 e5 29. a6 f6 30. Kh2 f5 31.
f3 f4 32. Be1 $18) (20... Be4 21. Bxe4 Qxe4 22. Re1 Qd5 23. Rxe7 Bxd4 24. cxd4
Qxd4 25. Re1 Qxd1 $11) 21. Bxb7 Bxd4 22. cxd4 Rc2 23. Qe1 Rd7 24. Rxc2 Nxc2 25.
Qxa5 Nxd4 26. Be5 $16) 18. d6 exd6 19. Ncb5 $2 (19. Nf3 d5 $11) 19... Ne4 20.
Bh2 Nc6 $6 (20... Rfe8 $142 $1 21. c3 Nc6 22. Nxc6 (22. Nf3 g4 23. Nfd4 g3 24.
fxg3 Nxd4 25. Nxd4 (25. cxd4 Rxc1 26. Qxc1 Bxd4+ 27. Kh1 Nf2+ 28. Rxf2 Bxf2 $19
) 25... Qxb2 $19) 22... bxc6 23. Nxd6 Nxd6 24. Bxd6 Rcd8 $19 {[%csl Rd6]}) 21.
c3 (21. Nxc6 bxc6 22. Nxd6 Rcd8 23. Nc4 Rxd1 24. Nxb6 Rxc1 25. Rxc1 Bxb2 26.
Rf1 Re8 $15) 21... Nxd4 $2 (21... Rfe8 $1 $17) 22. cxd4 (22. Nxd4 Qxb2 $17)
22... Rxc1 23. Qxc1 Bxd4 24. Nxd4 Qxd4 $15 25. Bf3 Nd2 26. Rd1 Nxf3+ 27. gxf3
Qxa4 28. Rxd6 Qb5 (28... g4 29. fxg4 Qxg4+ 30. Bg3 Re8 31. Qd2 $15) 29. Qd2 (
29. f4 gxf4 30. Bxf4 Re8 31. Be3 Qe2 32. Rd4 Be4 $17) 29... Qf5 30. Qd5 Qb1+
31. Kg2 g4 32. Bf4 (32. Qxa5 gxf3+ 33. Kxf3 Qxb2 $17 (33... Qh1+ 34. Kg3))
32... gxf3+ 33. Kxf3 Qh1+ 34. Kg3 Qg1+ 35. Kf3 Qh1+ 36. Kg3 Qg1+ 37. Kf3 (37.
Kf3 Re8 (37... Qh1+ 38. Kg3 Qxd5 39. Rxd5 a4 40. Ra5 Bc2 41. Rb5 Be4 $15) 38.
Qg5 (38. Rd8 Be4+) 38... Qh1+ 39. Qg2 Qh5+ (39... Qb1 40. Qg5 a4 41. Rd8 Qh1+
42. Kg3 Rxd8 43. Qxd8+ Kh7 44. Qh4+ Qxh4+ 45. Kxh4 $11 {)}) 40. Qg4 (40. Kg3
Bf5 (40... b5 41. Qd5 Bf5 42. f3 Qh3+ 43. Kf2 Qh4+ 44. Bg3 Qg5 (44... Qe7 $4
45. Qxf5 Qe1+ 46. Kg2 Re2+ 47. Kh3 $18) 45. Qxb5 Qe3+ 46. Kg2 Qe2+ 47. Qxe2
Rxe2+ 48. Bf2 Rxb2 49. Rd5 $11) (40... Be4 41. f3 Kh7 42. Kf2 (42. Rh6+ Qxh6
43. Bxh6 Rg8+ 44. Kf2 Rxg2+ 45. Kxg2 Bxf3+ $19) 42... Rg8 (42... Qc5+ 43. Kf1 (
43. Be3 Qxd6) 43... Bg6 44. Qh2+ Kg8 45. Qd2 $15) 43. Qh2 Qxh2+ 44. Bxh2 Bc6
45. Rf6 Rf8 46. Be5 Bd5 $15) 41. Rh6 Qg4+ 42. Kh2 Qxg2+ 43. Kxg2 b5 44. Rb6 Bd3
45. Rb8 $11) 40... Qxg4+ 41. Kxg4 a4 $17) 1/2-1/2

[Event "Escaldes zt"]
[Site "Escaldes"]
[Date "1998.11.13"]
[Round "8"]
[White "Gallego Martinez, Ruben"]
[Black "Quinn, Mark"]
[Result "0-1"]
[WhiteElo "2305"]
[BlackElo "2350"]
[Annotator "Tsesarsky,I"]
[PlyCount "68"]
[EventDate "1998.11.06"]
[EventType "swiss"]
[EventRounds "9"]
[EventCountry "AND"]
[SourceTitle "CBM 068"]
[Source "ChessBase"]
[SourceDate "1999.02.01"]
[SourceVersion "1"]
[SourceVersionDate "1999.02.01"]
[SourceQuality "1"]

{[%mdl 16388]} 1. e4 c5 2. Nf3 Nc6 3. Nc3 g6 4. d4 cxd4 5. Nxd4 Bg7 6. Be3 Nf6
7. f3 $6 (7. Bc4 $5) 7... O-O 8. Qd2 $6 $15 (8. Bc4 $5) 8... d5 {Without d7-d6
it is very strong, maybe gives to Black an advantage...} 9. exd5 Nxd5 10. Nxc6
bxc6 11. Bd4 Bxd4 (11... e5 12. Bc5 Re8 (12... e4 $1 13. Nxd5 (13. Bxf8 e3 $1
14. Qd1 Qxf8 15. Nxd5 cxd5 16. c3 d4 $1 $17) 13... cxd5 14. Bxf8 (14. O-O-O Rb8
15. c3 Re8 16. fxe4 Bg4 (16... Qa5 17. Bd6 Qxa2 18. Bxb8 Bg4 19. Bf4 $8 d4 (
19... Qa1+ 20. Kc2 Qa4+ $11) 20. Bd3 dxc3 21. bxc3 Qa1+ 22. Kc2 Qa2+ 23. Kc1
$11) 17. Re1 (17. Be2 Bxe2 18. Qxe2 Qa5 $19) 17... Qa5 18. Bd6 (18. h3 Qxa2 19.
Bd3 Qa1+ 20. Bb1 Bh6 21. Be3 Rxe4 22. Bxh6 Bf5 $19) 18... Rbd8 $17) 14... Qxf8
15. c3 exf3 16. gxf3 d4 17. cxd4 (17. c4 $2 Bh6 18. Qxd4 Bb7 19. Bg2 Rd8 20.
Qh4 g5 $17 {0-1 Seegolam,P-Rausis,I/Yerevan olm 1996/EXT 96ch2 (25)}) 17... Bb7
(17... Qe7+ 18. Be2 (18. Kd1 Be6 19. Bd3 Rd8 20. Re1 Bxd4 $17) 18... Qh4+ 19.
Kd1 Be6 $15) 18. Be2 Rd8 19. O-O Rxd4 20. Qc2 Be5 $44) (12... Nxc3 13. Bxf8
Qxf8 14. bxc3 (14. Qxc3 e4 15. Qxc6 Qb4+ 16. c3 Qxb2 17. Qe8+ Bf8 18. Rd1 Qxc3+
19. Kf2 e3+ 20. Kg3 g5 $1 $19) 14... Qc5 15. Rd1 Be6 16. c4 e4 17. fxe4 Re8 18.
Bd3 Bg4 19. h3 (19. Qf4 Qb4+ 20. Rd2 Qb1+ 21. Kf2 Qxh1 22. Qxg4 Bd4+ 23. Ke2 f5
$19) 19... Bc3 $19 {0-1 Krnic,Z-Velimirovic,D/Jugoslavija 1971/Inf 11 (41)})
13. Ne4 f5 (13... Be6 14. Nd6 Re7 15. Rd1 Rd7 16. c4 Nb6 17. Qc1 (17. b3 Nc8
18. Nxc8 Rxd2 19. Ne7+ Kh8 20. Rxd2 Qe8 $19) (17. Qb4 Rb8 $17) 17... Bf8 (17...
Na4 18. Ba3 c5 (18... Bf8 19. c5 Bxa2 $17) 19. b3 (19. Ne4 Qa5+ 20. Kf2 $132)
19... Qa5+ (19... Rxd6 $2 20. Rxd6 Qxd6 21. bxa4 e4 $17 {0-1 Sorel,P-Pytel,K/
Bethune 1992 (34)}) 20. Qd2 Nc3 21. Bb2 e4 $19) 18. Nb7 Rxd1+ 19. Qxd1 Qxd1+
20. Kxd1 Bxc5 21. Nxc5 Bxc4 $17) 14. Nd6 Bf8 (14... Re6 15. Nxc8 (15. c4 Rxd6
16. Bxd6 Qxd6 17. cxd5 cxd5 $15) 15... Qxc8 16. c4 Nb6 17. Be2 e4 18. O-O Na4
19. Ba3 $15) 15. Bc4 Be6 16. Bxd5 cxd5 $17 {0-1 Ivanec,D-Podlesnik,B/Ljubljana
op 1996 (21)}) 12. Qxd4 Qa5 (12... e5 13. Qd2 Nxc3 14. Qxc3 e4 (14... Qd4 $11)
15. Be2 exf3 16. Qxf3 Qh4+ (16... Rb8 17. b3 Qa5+ 18. Kf1 Bf5 $17) 17. Kf1 Re8
(17... Rb8 $17) 18. c3 Re4 19. Qg3 Qe7 20. Qf2 Rb8 $17 {0-1 Dumitriu-Breazu/cr
1971 (33)}) 13. Bc4 (13. Qa4 Qb6 (13... Qc5 14. Nxd5 cxd5 15. O-O-O e5 $17 {
1-0 Naegler,M-Goerlich,W/RLN 1982 (46)}) 14. Nxd5 cxd5 15. O-O-O Rb8 16. Qd4
Qc7 (16... Rd8 $15) 17. a3 (17. h4 e5 18. Qxd5 Be6 19. Qe4 Rfc8 20. Bd3 Qa5 (
20... Bxa2 $17) 21. a3 Rxb2 $1 22. Kxb2 Rb8+ 23. Kc1 Ba2 $1 $19 {0-1 Ganor,
D-Grigore,G/Rishon Le Zion 1990 (61)}) 17... Bf5 18. Bd3 (18. Qf2 $2 Qf4+ (
18... Rfc8 $19) 19. Qd2 Rfc8 $19 {0-1 Kremer,H-Uogele,A/cr Eberhardt-Wilhelm
1967 (24)}) 18... Bxd3 19. Rxd3 Rb5 $15) (13. Bd3 Nxc3 14. Qxc3 Qxc3+ 15. bxc3
Be6 $15 {0-1 Ueter,H-Dornieden,M/BL 1985 (53)}) 13... Be6 (13... Qb4 14. O-O-O
e5 15. Qd3 Bf5 16. Ne4 Rfb8 17. Bb3 a5 $17 {0-1 Jonas,B-Heuer,T/OLNO 1993 (80)}
) (13... Nxc3 14. Qxc3 Qxc3+ 15. bxc3 Rd8 {1/2-1/2 Cerneanu,N-Stillger,B/
Budapest FS09 IM-A ,EXT 1995 (21)}) 14. Bxd5 cxd5 (14... Bxd5 15. O-O Rab8 16.
b3 Rfd8 17. Qe3 Qb6 $11) 15. O-O Rac8 (15... Rab8 16. Nd1 (16. a3 Rxb2 17. Nxd5
Rb7 18. Nb4 $15) 16... Rfc8 17. c3 $15) 16. Kh1 Rc4 17. Qe5 $2 $17 (17. Qf2 d4
18. Ne4 Rfc8 19. c3 dxc3 20. Nxc3 $15) 17... Qc7 $2 $15 (17... Qb6 $1 18. b3 (
18. Rfe1 Qxb2 (18... d4 19. Ne2 Rd8 20. c3 f6 21. Qg3 d3 22. Nd4 Bf7 23. Rxe7
Qxb2 $19) 19. Nxd5 Qxe5 20. Rxe5 (20. Nxe7+ Kg7 21. Rxe5 Kf6 $19) 20... Rxc2
$19) 18... Qc7 19. Qxc7 Rxc7 20. Nb5 Rxc2 $17) 18. Rfe1 $2 $19 (18. Qxc7 $1
Rxc7 19. Rf2 Rb8 20. Nd1 d4 (20... f6 21. c3 Bf7 (21... a5 22. Kg1 a4 23. Rd2
Bf7 24. Kf2 e5 $15) 22. Ne3 e5 23. Rd1 Rc5 (23... d4 24. cxd4 exd4 25. Rxd4
Rc1+ 26. Rd1 Rxd1+ 27. Nxd1 Bxa2 28. Nc3 $11) 24. Rfd2 h5 25. Kg1 (25. Nxd5
Bxd5 26. Rxd5 Rxd5 27. Rxd5 Rxb2 $19) 25... Kf8 $15) 21. Rd2 Rbc8 22. c3 dxc3
23. Nxc3 $15) 18... Qxe5 (18... Rb8 19. Qxc7 Rxc7 20. Rab1 d4 $19) 19. Rxe5 Rb8
$19 20. Nxd5 Bxd5 21. Rxd5 Rxb2 22. Rd2 Rcxc2 23. Rxc2 Rxc2 24. h3 Kg7 25. Kh2
Kf6 26. Kg3 g5 27. a4 h5 28. h4 gxh4+ 29. Kh3 a5 30. Ra3 Rc4 31. Ra2 e5 32. Ra3
Kg5 33. Ra2 f5 34. Re2 Rc1 0-1

[Event "NED-ch53"]
[Site "Rotterdam"]
[Date "1998.06.30"]
[Round "8"]
[White "Reinderman, Dimitri"]
[Black "Van Wely, Loek"]
[Result "0-1"]
[WhiteElo "2480"]
[BlackElo "2605"]
[Annotator "Tsesarsky,I"]
[PlyCount "156"]
[EventDate "1998.06.21"]
[EventType "tourn"]
[EventRounds "11"]
[EventCountry "NED"]
[EventCategory "12"]
[SourceTitle "CBM 066"]
[Source "ChessBase"]
[SourceDate "1998.09.30"]
[SourceVersion "1"]
[SourceVersionDate "1998.09.30"]
[SourceQuality "1"]

1. e4 c5 2. Nc3 Nc6 3. Nge2 g6 4. d4 cxd4 5. Nxd4 Bg7 6. Nb3 Nf6 7. Be2 O-O 8.
O-O b6 9. Re1 (9. Kh1 Bb7 10. Bg5 Rc8 11. f4 d5 12. exd5 Nb4 13. Bf3 Ba8 (13...
Nfxd5 14. a3 Bxc3 15. axb4 Bxb2 16. Rxa7 Ne3 (16... Bc6 17. Nd4 Ba8 18. Rxa8
Rxa8 19. Nc6 Nc3 (19... Qd6 20. Qxd5 $18) 20. Qe1 Qd6 21. Nxe7+ Kg7 22. Qh4 $18
) 17. Qe2 Nxf1 18. Rxb7 $16) 14. Bxf6 Bxf6 15. a3 Bxc3 16. axb4 Bxb2 17. Rxa7
Qd6 $44 {0-1 Hebden-Pavlovic/Vrnjacka Banja, SW 1991 (28)}) (9. f4 d6 (9... Bb7
10. Bf3 Rc8 (10... a5 11. a4 Nb4 12. Be3 Qb8 13. e5 Ne8 14. Nb5 (14. Qxd7 Bxf3
15. Rxf3 Nxc2 16. Rd1 Ra7 17. Qb5 Nxe3 18. Rxe3 Nc7 19. Qe2 Ne6 $11) 14... Nc7
15. Bxb7 (15. Qxd7 Ncd5 16. Bxd5 Nxd5 17. Bd4 Rd8 18. Qh3 $16) 15... Qxb7 16.
Nxc7 Qxc7 17. c3 Na6 18. Qd5 $14 {1-0 Franzoni-Nemet/SMM NLA /SW,19,25 1987 
(33)}) 11. Kh1 d6 12. Be3 Qc7 13. Qd2 Qb8 14. Nd5 Rfe8 15. c3 Nd7 $132 {
1/2-1/2 Reyes,J-Giorgadze,T/Malaga 1987 (16)}) 10. Bf3 Bb7 11. Kh1 Rb8 12. Nd5
e6 13. Nxf6+ Bxf6 14. c3 Qc7 $11 {Markovic,G-Rendon,M/Thessaloniki olw 1984/1/
2-1/2 (58)}) (9. Bg5 Bb7 10. f4 (10. Qd2 $5) 10... d6 11. Bf3 Nd7 $5 12. Qd2 $5
$132 (12. Rb1 Nc5 13. Nd5 (13. f5 $5 $132) 13... f6 14. Bh4 e6 15. Nc3 g5 $5
$132 {Kotronias,V-Skembris,S/Karditsa 1994/1/2-1/2 (64)})) 9... Bb7 10. Bf1 d6
(10... Rc8 11. Bg5 h6 12. Bf4 Nh5 13. Be3 Ne5 14. Bd4 d6 15. Qd2 $132 (15. a4
Nf4 16. a5 (16. Be3 Ne6 17. Nd2 f5 18. f4 Ng4 19. Bc4 Rxc4 20. Nxc4 Nxe3 21.
Nxe3 fxe4 22. Ned5 Nxf4 23. Rxe4 Bxc3 (23... e5 24. Nxf4 exf4 25. Nd5 Qg5 26.
c4 f3 27. Qc2 Bxd5 (27... Kh7 28. Rf1 Be5 $132 {0-1 Luther,T-Nemet,I/
Liechtenstein op 1993 (49)}) 28. cxd5 Qxd5 29. gxf3 Rxf3 $17) 24. Rxf4 Bxb2 $17
) 16... Ne6 17. axb6 Nxd4 18. Nxd4 Qxb6 19. Nd5 Bxd5 20. exd5 Qxd4 21. Qxd4
Nf3+ 22. gxf3 Bxd4 23. c3 Bf6 24. Rxa7 Rc5 $44)) 11. Nd5 (11. Bg5 Nd7 12. Qd2
Nc5 $1 $132 (12... Rc8 13. Rad1 a6 14. f4 Nb4 15. e5 $16) (12... Re8 13. Rad1
a6 14. f4 b5 15. e5 Nb6 16. Qe3 $5 (16. Qf2 $1 Qc7 $4 (16... h6 17. Bh4 Nc8 18.
Nc5 $16) 17. Bxe7 Nxe7 18. exd6 $18 {1-0 Chandler,M-Pytel,K/4NCL, Wigan ENG
1997 (27)}))) 11... Nd7 (11... Rc8 12. c3 Ne5 13. Bg5 e6 14. Nxf6+ Bxf6 15. Bf4
Re8 16. Bb5 Re7 17. Qe2 Qc7 18. Rad1 Rd8 $11 {1/2-1/2 Gorelov,S-Arkhipov,S/
Moscow op2 1995 (29)}) 12. Rb1 e6 (12... Rc8) 13. Nc3 Nf6 14. Bg5 h6 15. Bh4 g5
16. Bg3 Ne5 17. Qd2 Qe7 18. f3 Rad8 19. Rbd1 Nh5 20. Bf2 Nf4 21. Bd4 f5 22. Kh1
fxe4 23. Nxe4 g4 24. Be3 Neg6 25. g3 Ng2 $5 (25... Ne5 26. Bxf4 Nxf3 27. Qb4 (
27. Qd3 e5 (27... Nxe1 28. Rxe1 e5 29. Bc1 d5 30. Ned2 $132) 28. Bc1 d5 29.
Ned2 Nxe1 30. Rxe1 $132) 27... Nxe1 28. Rxe1 $14) 26. Bxg2 (26. Qxg2 gxf3 27.
Qf2 Bxe4 28. Bxh6 Bxh6 29. Rxe4 $14) 26... gxf3 27. Bxf3 (27. Bxh6 fxg2+ 28.
Kxg2 (28. Kg1 Bxh6 29. Qxh6 Bxe4 30. Rxe4 Qf6 $19) 28... Nh4+ $1 $19) 27...
Rxf3 28. Bxh6 Bxb2 (28... Bxe4 29. Rxe4 Qf7 30. Kg2 Rf8 31. Bf4 Nxf4+ 32. Rxf4
(32. Kxf3 Qh5+ $19) 32... Rxf4 33. gxf4 Qh5 (33... Qg6+ 34. Kh1 (34. Kf1 Qg4
$19) 34... Qe4+ 35. Qg2 Qxf4 36. Nd4 Qe5 37. c3 $11) 34. Rf1 Qg6+ 35. Kh1 Qe4+
36. Qg2 Rxf4 $15) 29. Kg1 (29. Bg5 Qf8 30. Bxd8 Bxe4 31. Kg1 Bc3 32. Qe2 d5 33.
Bg5 Ne5 34. Rf1 Rxf1+ 35. Rxf1 Nf3+ 36. Rxf3 Qxf3 37. Qxf3 Bxf3 $17) 29... Ne5
(29... Bxe4 30. Rxe4 Qf7 31. Nd4 $132) 30. Bg5 (30. Qe2 Bxe4 31. Qxe4 Bc3 32.
Re2 Rc8 $132) 30... Qh7 (30... Qf8) 31. Bxd8 Rxg3+ 32. hxg3 Nf3+ 33. Kf2 Nxd2
34. Nbxd2 d5 (34... Bd4+ 35. Kf3 Qf5+ 36. Kg2 Bc3 37. Kg1 Bxe4 38. Nxe4 Bxe1
39. Rxe1 d5 40. Nd6 Qxc2 41. Rxe6 Qxa2 42. Bf6 $132) 35. Nd6 Qh2+ $4 $18 (35...
Ba6 $1 36. Rxe6 Qxc2 $1 37. Ke1 Qc5 38. Re8+ Kh7 39. Re7+ Kg6 (39... Kg8 40.
Re8+ $11) 40. Re6+ Kh7 $11 (40... Kh5 41. g4+ Kxg4 42. Rg6+ Kh3 43. Nf5 Be5 44.
Rb1 $16)) 36. Kf3 Ba6 37. Rxe6 Bc3 (37... Bd4 38. Kf4 $18) 38. Re8+ (38. Nb3
Bb4 39. Rd4 Bxd6 40. Rg6+ Kh7 41. Rxd6 $18) 38... Kh7 39. Re7+ Kg6 40. Re6+ Kh7
41. Nf1 $5 (41. Nb3 $18) 41... Qh5+ 42. g4 Qh1+ 43. Kf2 $4 $132 (43. Kf4 Bxf1
44. Nf5 Qg2 $5 45. Kg5 Bd2+ 46. Kf6 Bc4 47. Re7+ Kg8 48. Rxa7 (48. Rg7+ Kf8 (
48... Kh8 49. Rxd2 Qxd2 50. Kg6 $18) 49. Rxa7 Bc3+ 50. Kg6 $18) 48... Bc3+ 49.
Kg6 Qe4 (49... Qxg4+ 50. Bg5 $18) 50. Bf6 Qe8+ 51. Kg5 Bxf6+ 52. Kxf6 Qf8+ 53.
Kg5 Qd8+ 54. Re7 $18) 43... Bxf1 44. Rxf1 (44. Re7+ Kg6 45. Re6+ (45. Rxf1 $2
Qh2+ 46. Ke3 Qxd6 $17) 45... Kh7 46. Re7+ $11) 44... Qh2+ 45. Ke3 $4 $19 (45.
Kf3 Qh3+ 46. Kf2 Qh2+ (46... Bd4+ 47. Ke1 Bc3+ $11) 47. Kf3 $11) 45... Qg3+ 46.
Rf3 (46. Ke2 Qxg4+ $19) 46... d4+ (46... Qe1+ 47. Kf4 Qxe6 48. Rh3+ Kg6 49. Nf5
Qe4+ 50. Kg3 Be1+ $19) 47. Kd3 Qxf3+ 48. Kc4 Qf1+ (48... Qxg4 $19) 49. Kd5 d3
50. Re7+ Bg7 51. cxd3 Qxd3+ $4 (51... Qg2+ $19) 52. Kc6 Qf3+ 53. Kc7 Qf4 54.
Kc6 $2 (54. Rf7 $1 Qc1+ 55. Kb8 Kg6 56. Rxa7 Be5 57. Bc7 Qc5 58. Nc8 b5 59.
Ra6+ Kg5 60. Bxe5 Qxe5+ 61. Nd6 Kxg4 62. a3 $44) 54... Qf6 (54... Kg6 55. Re6+
Kh7 56. Re7) 55. Kd7 $2 $17 (55. Kc7 $1 Qf4 56. Rf7 $44) 55... Qd4 (55... Kg6
$4 56. Re6 $18) 56. Kc6 Qc5+ 57. Kd7 Qd5 58. Kc7 Kg6 59. Kd7 Bf8 60. Re6+ Kg7
61. Bf6+ Kg8 62. g5 b5 (62... Qd1 63. Be7 Qa4+ 64. Kd8 Qxa2 65. Rg6+ Kh7 66.
Rf6 Bg7 67. g6+ Kg8 68. Rf7 Qd5 69. Kd7 (69. Kc7 Be5 $19) 69... Qd3 $19) 63.
Be5 Bxd6 $2 $11 64. Bxd6 b4 (64... Qxg5 $6 65. Re8+ Kf7 66. Re7+ Kg6 67. Re6+
$11) 65. g6 $4 $19 (65. Re8+ $1 Kf7 66. Re7+ Kg6 (66... Kg8 67. Re8+ $11) 67.
Re6+ Kh5 68. g6 Qxa2 (68... Qg2 69. Bf8 $1 {[%cal Gg6g7]}) 69. g7 Qg2 70. Bf8 {
[%cal Ge6h6]} Qg4 (70... a5 $4 71. Rh6+ $1 $18) 71. Kd6 Qd4+ 72. Kc7 Qc4+ 73.
Kd6 $11) 65... Qxa2 66. Be5 (66. Re7 Qd5 67. Kc7 b3 68. Be5 Qc4+ 69. Kd8 Qd3+
70. Rd7 Qxg6 $19) 66... Qd5+ 67. Ke7 b3 68. Kf6 Qd8+ 69. Kf5 Qd7 70. Kf6 b2 71.
Bxb2 Qg7+ 72. Kf5 Qxb2 73. Re8+ Kg7 74. Re7+ Kf8 75. Rf7+ Kg8 76. Rd7 Qb5+ 77.
Ke6 Qxd7+ 78. Kxd7 a5 0-1

[Event "American Continental 2nd"]
[Site "Buenos Aires"]
[Date "2003.08.25"]
[Round "7"]
[White "Rodriguez Vila, Andres"]
[Black "Crosa Coll, Martin"]
[Result "1-0"]
[WhiteElo "2485"]
[BlackElo "2412"]
[Annotator "Tsesarsky,I"]
[PlyCount "57"]
[EventDate "2003.08.17"]
[EventType "swiss"]
[EventRounds "11"]
[EventCountry "ARG"]
[SourceTitle "CBM 097"]
[Source "ChessBase"]
[SourceDate "2003.11.11"]
[SourceVersion "1"]
[SourceVersionDate "2003.11.11"]
[SourceQuality "1"]

1. e4 c5 2. Nc3 Nc6 3. Nge2 g6 4. d4 cxd4 5. Nxd4 Bg7 6. Nb3 Nf6 ({The
mainline is} 6... Bxc3+) 7. g4 {Relatively rare move.} ({The mainline is} 7.
Be3) ({Except of the mainline quite popular are} 7. Be2) (7. Bg5) (7. Bc4) ({
and} 7. Bd3) 7... d6 8. g5 Nd7 9. f4 {In the next 2 games played this
variation White left with advantage:} (9. Be3 Nde5 (9... h6 $132) 10. Be2 Be6
11. Nd5 Qc8 12. f4 Ng4 13. Bc1 h6 14. Rg1 (14. gxh6 Nxh6 15. Rg1 $132) 14...
Nxh2 15. gxh6 Bxh6 16. Be3 Bxd5 (16... Qd7 17. Nd4 O-O-O 18. Nb5 $36) 17. exd5
Ne5 18. Rg3 $16 {[%csl Re5,Rh2] 1-0 Roselli Mailhe,B-Arias Duran,J/Uruguay
2001/EXT 2002 (38)}) (9. h4 Nc5 (9... Bxc3+ 10. bxc3 Qc7 $132 {[%csl Gc1,Rc2,
Rc3,Gf1]}) 10. Nxc5 dxc5 11. Qxd8+ Nxd8 12. Nd5 Ne6 13. c3 Bd7 14. Bh3 Rc8 15.
Be3 $16 {1-0 Roselli Mailhe,B-Liascovich,L/Montevideo 2001/EXT 2002 (49)}) 9...
a5 10. a4 O-O 11. Be3 b6 12. Qd2 Nc5 13. h4 e5 ({After natural} 13... Bg4 {
Black equalizes.} 14. Bg2 Nxb3 15. cxb3 Nb4 16. O-O Rb8 $132) 14. O-O-O $6 $15
{The idea is obvious: to use PP at the kingside for Attack, hiding white K at
opposite flank.} ({Why not} 14. Nxc5 dxc5 15. Qxd8 (15. O-O-O Bg4 16. Be2 Qxd2+
17. Rxd2 exf4 18. Bxf4 Bxe2 19. Rxe2 Nd4 20. Ree1 Ne6 $11) 15... Rxd8 16. Bc4
Nb4 17. Rh2 $132) 14... Nxb3+ 15. cxb3 exf4 16. Bxf4 Nd4 $2 $132 ({Worth of
attention} 16... Bg4 $5 17. Be2 Nd4 18. Qe3 Nxe2+ 19. Nxe2 Qc7+ 20. Kb1 Qc5 $15
) 17. Qe3 Nxb3+ 18. Kb1 Bxc3 19. Qxc3 Qe8 $4 $18 {Terrible mistake} ({Strong
was} 19... Nc5 {[%csl Rd6,Re4][%cal Gc8b7]} 20. Bg2 Bb7 {[%csl Re4]} 21. Rhe1
Re8 22. Rxd6 Qe7 $132) 20. Bxd6 {[%csl Rf8]} Be6 21. Bb5 Qd8 22. h5 {[%csl Rf8,
Rg8] Decisive Attack} gxh5 23. Bxf8 Qxf8 24. Bd7 Bxd7 25. Rxd7 Qe8 26. Rd3 Nc5
27. Rd4 Nxe4 28. Qf3 Nxg5 29. Rg1 1-0